Manorama yearbook 2013 (Record no. 43075)

MARC details
000 -LEADER
fixed length control field 00274nam a2200109Ia 4500
020 ## - INTERNATIONAL STANDARD BOOK NUMBER
ISBN 9.77054E+12
082 ## - DEWEY DECIMAL CLASSIFICATION NUMBER
Classification number 058 2013
Item number MAN
245 #0 - TITLE STATEMENT
Title Manorama yearbook 2013
260 ## - PUBLICATION, DISTRIBUTION, ETC. (IMPRINT)
Place of publication Malayala Manorama
Name of publisher Kottayam
Year of publication 2013
942 ## - ADDED ENTRY ELEMENTS (KOHA)
Koha item type Books
Holdings
Withdrawn status Lost status Damaged status Not for loan Home library Current library Date acquired Cost, normal purchase price Full call number Accession Number Koha item type
        RRII Library RRII Library 16/12/2021 200.00 058 2013 MAN 23340 Books